@limentech: Ciencia y Tecnología Alimentaria

সংরক্ষণ করুন:
গ্রন্থ-পঞ্জীর বিবরন
বিন্যাস: বৈদ্যুতিক পত্রিকা
প্রকাশিত: Universidad de Pamplona
অনলাইন ব্যবহার করুন:Available in Fuente Académica Plus.
ট্যাগগুলো: ট্যাগ যুক্ত করুন
কোনো ট্যাগ নেই, প্রথমজন হিসাবে ট্যাগ করুন!

MARC

LEADER 00000nas a22000002 4500
001 ebs76656766e
003 EBZ
006 m d ||||||
007 cr|unu||||||||
008 241105| xx uu p o 0 0||| d
022 |y 1692-7125 
035 |a (EBZ)ebs76656766e 
040 |a EBZ 
042 |a msc 
050 0 0 |a TP  
130 0 |a @limentech: Ciencia y Tecnología Alimentaria (Online) 
222 1 0 |a @limentech: Ciencia y Tecnología Alimentaria 
245 0 0 |a @limentech: Ciencia y Tecnología Alimentaria  |h [electronic resource]. 
260 |b Universidad de Pamplona 
773 0 |t Fuente Académica Plus   |d EBSCO 
856 4 0 |3 Full text available: Jul 2016-.  |z Available in Fuente Académica Plus.  |u https://researchs.unach.elogim.com/direct.asp?db=fap&jid=LACB&scope=site 
901 |a Academic Journal